[Event "Regionalliga SW 1516"]
[Site "Bayern"]
[Date "2015.11.15"]
[Round "3.5"]
[White "Schleich, Theodor"]
[Black "Barth, Erik"]
[Result "1-0"]
[WhiteElo "1936"]
[BlackElo "1857"]
[PlyCount "61"]
[EventDate "2015.10.11"]
[EventType "team-tourn"]
[EventRounds "9"]
[EventCountry "GER"]
[SourceTitle "EXT 2018"]
[Source "ChessBase"]
[SourceDate "2017.10.13"]
[SourceVersion "1"]
[SourceVersionDate "2017.10.13"]
[SourceQuality "1"]
[WhiteTeam "Muenchen Siemens"]
[BlackTeam "Tuerkheim/Bad Woerishofen"]
[WhiteTeamCountry "GER"]
[BlackTeamCountry "GER"]

1. d4 Nf6 2. Bg5 Ne4 3. Bf4 c5 4. f3 Nf6 5. d5 d6 6. c4 g6 7. e4 Bg7 8. Nc3 Na6 9. Bd3 0-0 10. Nge2 Nc7 11. Qd2 Re8 12. Bc2 Bd7 13. a4 Na6 14. Bh6 Nb4 15. Rc1 a6 16. h4 e6 17. g4 exd5 18. cxd5 Bxh6 19. Qxh6 Bxg4 20. fxg4 Nxg4 21. Qf4 Ne5 22. Qg3 c4 23. Kd2 b5 24. Nd4 Qb6 25. Nce2 Ned3 26. Rb1 Rxe4 27. h5 Rae8 28. hxg6 hxg6 29. Rbf1 Re3 30. Qg5 Nxc2 31. Rh8+ 1-0

[Event "Regionalliga SW 1415"]
[Site "Bayern"]
[Date "2014.10.19"]
[Round "1.7"]
[White "Riedel, Lutz"]
[Black "Barth, Erik"]
[Result "1-0"]
[WhiteElo "1892"]
[BlackElo "1857"]
[PlyCount "69"]
[EventDate "2014.10.19"]
[EventType "team-tourn"]
[EventRounds "9"]
[EventCountry "GER"]
[SourceTitle "EXT 2018"]
[Source "ChessBase"]
[SourceDate "2017.10.13"]
[SourceVersion "1"]
[SourceVersionDate "2017.10.13"]
[SourceQuality "1"]
[WhiteTeam "Krumbach"]
[BlackTeam "Tuerkheim/Bad Woerishofen"]
[WhiteTeamCountry "GER"]
[BlackTeamCountry "GER"]

1. c4 b6 2. d4 Bb7 3. Nc3 e6 4. e4 Bb4 5. Bd3 f5 6. Qe2 Nf6 7. Bg5 h6 8. Bxf6 Qxf6 9. a3 Bxc3+ 10. bxc3 fxe4 11. Bxe4 Bxe4 12. Qxe4 0-0 13. Ra2 Nc6 14. Nf3 Rae8 15. 0-0 e5 16. Qd5+ Rf7 17. Re2 Kh8 18. dxe5 Qe6 19. Rfe1 Rf5 20. Nd4 Nxd4 21. cxd4 Qxd5 22. cxd5 Rf4 23. Re4 Rxe4 24. Rxe4 Kg8 25. Re3 Kf7 26. Rc3 Rc8 27. f4 Ke8 28. f5 d6 29. Kf2 Kd7 30. Ke3 b5 31. Ke4 a5 32. Rg3 Rg8 33. f6 g6 34. e6+ Kd8 35. Rb3 1-0

[Event "Regionalliga SW 1213"]
[Site "Bayern"]
[Date "2013.03.17"]
[Round "8.8"]
[White "Schmidt, Walter1111"]
[Black "Barth, Erik"]
[Result "1/2-1/2"]
[WhiteElo "1885"]
[BlackElo "1740"]
[PlyCount "81"]
[EventDate "2012.10.14"]
[EventType "team-tourn"]
[EventRounds "9"]
[EventCountry "GER"]
[SourceTitle "EXT 2015"]
[Source "ChessBase"]
[SourceDate "2014.11.20"]
[SourceVersion "1"]
[SourceVersionDate "2014.11.20"]
[SourceQuality "1"]
[WhiteTeam "Haar"]
[BlackTeam "Tuerkheim/Bad Woerishofen"]
[WhiteTeamCountry "GER"]
[BlackTeamCountry "GER"]

1. e4 g6 2. d4 Bg7 3. Nf3 d6 4. c4 Nf6 5. Nc3 0-0 6. Be2 e5 7. dxe5 dxe5 8. Bg5 Qe8 9. Bxf6 Bxf6 10. Nd5 Bd8 11. 0-0 c6 12. Nc3 Na6 13. Qd2 Bf6 14. Rad1 Bg4 15. h3 Bxf3 16. Bxf3 Rd8 17. Qe2 Qe7 18. a3 Nc5 19. Qc2 Ne6 20. Ne2 Nd4 21. Nxd4 Rxd4 22. c5 Rfd8 23. b4 Bg5 24. Rxd4 Rxd4 25. Rd1 Qd8 26. Rxd4 Qxd4 27. Bg4 Qa1+ 28. Kh2 Qxa3 29. Qc4 Qc1 30. Qxc1 Bxc1 31. Bc8 Ba3 32. Bxb7 Bxb4 33. Bxc6 Bxc5 34. Kg3 Kf8 35. f4 exf4+ 36. Kxf4 h6 37. Ke5 Ke7 38. Kd5 Bb6 39. e5 a5 40. Bb5 Be3 41. Ba4 1/2-1/2

[Event "Regionalliga SW 1112"]
[Site "Bayern"]
[Date "2012.03.18"]
[Round "8.7"]
[White "Ciaffone, Daniel"]
[Black "Barth, Erik"]
[Result "1-0"]
[WhiteElo "2089"]
[BlackElo "1541"]
[PlyCount "67"]
[EventDate "2011.10.02"]
[EventType "team-tourn"]
[EventRounds "9"]
[EventCountry "GER"]
[SourceTitle "EXT 2015"]
[Source "ChessBase"]
[SourceDate "2014.11.20"]
[SourceVersion "1"]
[SourceVersionDate "2014.11.20"]
[SourceQuality "1"]
[WhiteTeam "Bayern Muenchen III"]
[BlackTeam "Tuerkheim/Bad Woerishofen"]
[WhiteTeamCountry "GER"]
[BlackTeamCountry "GER"]

1. c4 Nf6 2. Nf3 g6 3. d4 Bg7 4. Nc3 0-0 5. g3 d6 6. Bg2 Nbd7 7. 0-0 e5 8. e4 a6 9. dxe5 dxe5 10. Qc2 b5 11. Rd1 c6 12. Nxe5 Bb7 13. Nxd7 Nxd7 14. Bh3 Bc8 15. Bf4 Re8 16. Rd2 Be5 17. Bxe5 Rxe5 18. Rad1 Ra7 19. Rd6 Qe8 20. Qd2 Nf8 21. Rd8 Bxh3 22. Rxe8 Rxe8 23. f4 Bg4 24. Qf2 Rb7 25. Rd2 b4 26. Na4 Rd7 27. Nc5 Rxd2 28. Qxd2 a5 29. Kg2 Be6 30. f5 gxf5 31. Qg5+ Kh8 32. exf5 Bxc4 33. Qh6 Bd5+ 34. Kf2 1-0

[Event "Regionalliga SW 1112"]
[Site "Bayern"]
[Date "2012.01.15"]
[Round "5.8"]
[White "Barth, Erik"]
[Black "Tunka, Philipp"]
[Result "1/2-1/2"]
[WhiteElo "1541"]
[BlackElo "1972"]
[PlyCount "99"]
[EventDate "2011.10.02"]
[EventType "team-tourn"]
[EventRounds "9"]
[EventCountry "GER"]
[SourceTitle "EXT 2013"]
[Source "ChessBase"]
[SourceDate "2012.11.22"]
[SourceVersion "1"]
[SourceVersionDate "2012.11.22"]
[SourceQuality "1"]
[WhiteTeam "Tuerkheim/Bad Woerishofen"]
[BlackTeam "Garching II"]
[WhiteTeamCountry "GER"]
[BlackTeamCountry "GER"]

1. Nf3 d5 2. g3 Nf6 3. Bg2 c5 4. 0-0 Nc6 5. d4 e6 6. c4 dxc4 7. Qa4 Bd7 8. Qxc4 Na5 9. Qc2 Rc8 10. Nc3 cxd4 11. Nxd4 Bc5 12. Rd1 Qc7 13. Nb3 Nxb3 14. Qxb3 Bc6 15. Na4 Bxg2 16. Kxg2 Qc6+ 17. f3 Be7 18. Be3 Qa6 19. Kf1 0-0 20. Nc3 b6 21. Rac1 Bc5 22. Bg5 Be7 23. Be3 Qb7 24. Nb5 Nd5 25. Bf2 Rxc1 26. Rxc1 Bd8 27. e4 Nc7 28. Nd6 Qa6+ 29. Kg2 Ne8 30. Nxe8 Rxe8 31. Qc4 Qxc4 32. Rxc4 Re7 33. Rc8 Rd7 34. Be3 Kf8 35. Kf2 Ke7 36. Ke2 Rc7 37. Rxc7+ Bxc7 38. Kd3 h5 39. Kc4 a6 40. a4 Kd7 41. b4 Kc6 42. b5+ axb5+ 43. axb5+ Kd7 44. Kd4 Bd6 45. e5 Ba3 46. Ke4 Kc7 47. h4 Bb4 48. g4 Be7 49. gxh5 Bxh4 50. h6 1/2-1/2

[Event "Regionalliga SW 1112"]
[Site "Bayern"]
[Date "2011.12.11"]
[Round "4.7"]
[White "Barth, Erik"]
[Black "Benedde, Guenter"]
[Result "0-1"]
[WhiteElo "1541"]
[BlackElo "1983"]
[PlyCount "56"]
[EventDate "2011.10.02"]
[EventType "team-tourn"]
[EventRounds "9"]
[EventCountry "GER"]
[SourceTitle "EXT 2013"]
[Source "ChessBase"]
[SourceDate "2012.11.22"]
[SourceVersion "1"]
[SourceVersionDate "2012.11.22"]
[SourceQuality "1"]
[WhiteTeam "Tuerkheim/Bad Woerishofen"]
[BlackTeam "Muenchen Suedost"]
[WhiteTeamCountry "GER"]
[BlackTeamCountry "GER"]

1. Nf3 e6 2. g3 d5 3. Bg2 Nf6 4. 0-0 c5 5. d4 Nc6 6. c4 Be7 7. Nc3 0-0 8. cxd5 exd5 9. Bg5 c4 10. Re1 h6 11. Bxf6 Bxf6 12. Ne5 Bxe5 13. dxe5 d4 14. Nb5 Qb6 15. Bxc6 bxc6 16. Nd6 Be6 17. Qc2 Qc5 18. Rac1 Qxe5 19. Nxc4 Qh5 20. Nd6 Rab8 21. b3 Rfd8 22. Ne4 Bd5 23. f3 Re8 24. Nd6 Re5 25. Qd3 Rd8 26. Nb7 Rde8 27. Kg2 Re3 28. Qd2 d3 0-1

[Event "Regionalliga SW 0910"]
[Site "Bayern"]
[Date "2010.03.21"]
[Round "8.8"]
[White "Osthoff, Michael"]
[Black "Barth, Erik"]
[Result "0-1"]
[WhiteElo "1984"]
[BlackElo "1122"]
[PlyCount "124"]
[EventDate "2009.10.18"]
[EventType "team-tourn"]
[EventRounds "9"]
[EventCountry "GER"]
[SourceTitle "EXT 2011"]
[Source "ChessBase"]
[SourceDate "2010.11.26"]
[SourceVersion "1"]
[SourceVersionDate "2010.11.26"]
[SourceQuality "1"]
[WhiteTeam "Muenchen Siemens"]
[BlackTeam "Tuerkheim/Bad Woerishofen"]
[WhiteTeamCountry "GER"]
[BlackTeamCountry "GER"]

1. d4 d5 2. c4 c6 3. Nf3 Nf6 4. Nc3 Bg4 5. Ne5 Bf5 6. Bf4 e6 7. e3 Nbd7 8. Bd3 Bxd3 9. Qxd3 Nxe5 10. dxe5 Nd7 11. cxd5 cxd5 12. 0-0 h5 13. e4 g5 14. Be3 Nxe5 15. Qb5+ Nc6 16. exd5 a6 17. Qxb7 Na5 18. Qb6 Qxb6 19. Bxb6 Nc4 20. Bd4 Rg8 21. dxe6 fxe6 22. Rfe1 Kf7 23. b3 Nd6 24. Rad1 Rc8 25. Na4 Nf5 26. Be5 Be7 27. Nb6 Rc2 28. Nc4 Rxa2 29. Ra1 Rxa1 30. Rxa1 Rd8 31. Kf1 Rd3 32. Rb1 Bf6 33. b4 Rd5 34. Bc7 Nd4 35. Rc1 Nb3 36. Rc2 Kg6 37. Ra2 Nc1 38. Rd2 Rxd2 39. Nxd2 Bc3 40. Nf3 Bxb4 41. Bd8 g4 42. Ne5+ Kf5 43. Nc6 Bc3 44. f3 Nb3 45. Kf2 a5 46. Ke3 a4 47. Be7 Bb2 48. fxg4+ hxg4 49. Kd3 a3 50. Nb4 Nc1+ 51. Kc2 Ke4 52. Bg5 Ne2 53. h4 Nd4+ 54. Kd2 Nb5 55. h5 Bc3+ 56. Kc2 Bxb4 57. Kb3 Nd4+ 58. Ka2 Nf5 59. h6 Nxh6 60. Bxh6 Kd3 61. Kb3 e5 62. Bg7 Bd6 0-1

[Event "Regionalliga SW 0910"]
[Site "Bayern"]
[Date "2009.10.18"]
[Round "1.8"]
[White "Wechs, Julian"]
[Black "Barth, Erik"]
[Result "1-0"]
[WhiteElo "1642"]
[BlackElo "1122"]
[PlyCount "79"]
[EventDate "2009.10.18"]
[EventType "team-tourn"]
[EventRounds "9"]
[EventCountry "GER"]
[SourceTitle "EXT 2011"]
[Source "ChessBase"]
[SourceDate "2010.11.26"]
[SourceVersion "1"]
[SourceVersionDate "2010.11.26"]
[SourceQuality "1"]
[WhiteTeam "Sonthofen"]
[BlackTeam "Tuerkheim/Bad Woerishofen"]
[WhiteTeamCountry "GER"]
[BlackTeamCountry "GER"]

1. Nf3 d5 2. g3 c5 3. Bg2 Nc6 4. d3 e5 5. 0-0 Nf6 6. e4 d4 7. Nbd2 Bd6 8. Nc4 b5 9. Nxd6+ Qxd6 10. h3 h6 11. Ne1 0-0 12. f4 Be6 13. f5 Bd7 14. g4 Rfe8 15. h4 c4 16. g5 hxg5 17. hxg5 Nh7 18. Qh5 Ne7 19. f6 gxf6 20. gxf6 Ng6 21. Bg5 Nxg5 22. Qxg5 Qf8 23. Nf3 Kh7 24. Kf2 Re6 25. Rh1+ Kg8 26. Qh5 Qg7 27. fxg7 Kxg7 28. Bh3 Rd6 29. Bxd7 Rxd7 30. Nxe5 Nxe5 31. Qxe5+ f6 32. Qg3+ Kf7 33. Rh7+ Ke6 34. Qg4+ Kd6 35. Rxd7+ Kc6 36. Qe6+ Kc5 37. Qd5+ Kb4 38. Qxa8 a5 39. Qf8+ Ka4 40. Qa3# 1-0